Problémy s dumpingom za nízku prepoistenosť v oblasti životných poistení môžu aj daňové predpisy

Rozhovor s Ľubicou Uherčíkovou, generálnou riaditeľkou Českej poisťovne - Slovensko, a.s. o práci poisťovne na slovenskom poistnom trhu. Oblasť podnikania. Pripravované produkty. Riešenie nízkeho objemu realizovaných životných poistení na Slovensku. Pripravovaný návrh zákona na prechod zákonného poi...

Descrizione completa

Salvato in:
Dettagli Bibliografici
Autore principale: Uherčíková, Ľubica
Altri autori: Végh, Roman
Natura: Libro
Lingua:slovacco
Soggetti:
Tags: Aggiungi Tag
Nessun Tag, puoi essere il primo ad aggiungerne!!

MARC

LEADER 00000nam a2200000 4500
001 r030269
005 20251104124530.2
041 0 |a slo 
044 |a SK 
245 1 0 |a Problémy s dumpingom  |b za nízku prepoistenosť v oblasti životných poistení môžu aj daňové predpisy  |c Ľubica Uherčíková, Roman Végh 
520 |a Rozhovor s Ľubicou Uherčíkovou, generálnou riaditeľkou Českej poisťovne - Slovensko, a.s. o práci poisťovne na slovenskom poistnom trhu. Oblasť podnikania. Pripravované produkty. Riešenie nízkeho objemu realizovaných životných poistení na Slovensku. Pripravovaný návrh zákona na prechod zákonného poistenia zodpovednosti z prevádzky motorových vozidiel na povinne zmluvné poistenie. Klientela poisťovne. Dokazovanie poisťovacieho podvodu. Objem nahlásených škôd z obdobia povodní. Špecifiká slovenského poistného trhu v porovnaní s Českou republikou. 
610 2 0 |a poistenie 
610 2 0 |a poisťovne komerčné 
610 2 0 |a Slovensko 
610 2 0 |a produkty 
610 2 0 |a Česko 
610 2 0 |a legislatíva 
610 2 0 |a povodne 
610 2 0 |a poistné 
610 2 0 |a poistenie životné 
610 2 0 |a Česká poisťovňa - Slovensko, a.s. Bratislava 
100 1 |a Uherčíková, Ľubica 
700 1 |a Végh, Roman